Справочник по мелиорации и гидротехнике. Т. 3: Орошение, осушение и обводнение (Запись № 13621369)

Подробности
000 -МАРКЕР
контрольное поле 01693nam2a2200301 4500
001 - ИДЕНТИФИКАТОР ЗАПИСИ
контрольное поле rc\3032983
005 - ИДЕНТИФИКАТОР ВЕРСИИ
контрольное поле 20260315065206.0
035 ## - ДРУГИЕ СИСТЕМНЫЕ НОМЕРА
Идентификатор записи (NLR Aleph) 007173819
100 ## - ДАННЫЕ ОБЩЕЙ ОБРАБОТКИ
Данные общей обработки 20111003d1945 u y0rusy50 ca
101 0# - ЯЗЫК РЕСУРСА
Язык текста, звукозаписи и т.д. русский
102 ## - СТРАНА ПУБЛИКАЦИИ ИЛИ ПРОИЗВОДСТВА
Страна публикации Российская Федерация
105 ## - ПОЛЕ КОДИРОВАННЫХ ДАННЫХ: ТЕКСТОВЫЕ МАТЕРИАЛЫ, МОНОГРАФИЧЕСКИЕ
Кодированные данные о монографическом текстовом документе ab z |||||
200 1# - ЗАГЛАВИЕ И СВЕДЕНИЯ ОБ ОТВЕТСТВЕННОСТИ
Основное заглавие Орошение, осушение и обводнение
Первые сведения об ответственности Под ред. инж. А.М. Царевский (отв. ред.), акад. А.Н. Костяков, проф. А.Д. Брудастов и др.
Последующие сведения об ответственности [Сост: доц. Зузик Д.Т., д-р наук проф. Шаров И.А., д-р наук, проф. Розов л. п. и др.]
210 ## - ПУБЛИКАЦИЯ, РАСПРОСТРАНЕНИЕ И ДР.
Дата издания, распространения и т.д. 1945
215 ## - ФИЗИЧЕСКАЯ ХАРАКТЕРИСТИКА
Специфическое обозначение материала и объем XVI, 827 с., 1 л. граф.
Другие сведения о физической характеристике карт., черт., граф.
461 #0 - УРОВЕНЬ НАБОРА
Встроенное поле 001rc\3032982
-- 2001#$aСправочник по мелиорации и гидротехнике$fАкад. с.-х. наук им. В.И. Ленина. Всесоюз. науч.-исслед. ин-т гидротехники и мелиорации$vТ. 3
Системный номер (АБИС) связанной записи 7372806
Место публикации Москва
Дата публикации 1945
Первые сведения об ответственности Акад. с.-х. наук им. В.И. Ленина. Всесоюз. науч.-исслед. ин-т гидротехники и мелиорации
Имя издателя, распространителя и т.д. Сельхоз
Заглавие Справочник по мелиорации и гидротехнике
Номер тома Т. 3
702 #1 - ИМЯ ЛИЦА - ВТОРИЧНАЯ ОТВЕТСТВЕННОСТЬ
Начальный элемент ввода Царевский
Часть имени, кроме начального элемента ввода А.М.
Код отношения Редактор
702 #1 - ИМЯ ЛИЦА - ВТОРИЧНАЯ ОТВЕТСТВЕННОСТЬ
Начальный элемент ввода Костяков
Часть имени, кроме начального элемента ввода А.Н.
Код отношения Редактор
702 #1 - ИМЯ ЛИЦА - ВТОРИЧНАЯ ОТВЕТСТВЕННОСТЬ
Начальный элемент ввода Брудастов
Часть имени, кроме начального элемента ввода А.Д.
Код отношения Редактор
702 #1 - ИМЯ ЛИЦА - ВТОРИЧНАЯ ОТВЕТСТВЕННОСТЬ
Начальный элемент ввода Зузик
Часть имени, кроме начального элемента ввода Д.Т.
Код отношения Составитель
702 #1 - ИМЯ ЛИЦА - ВТОРИЧНАЯ ОТВЕТСТВЕННОСТЬ
Начальный элемент ввода Шаров
Часть имени, кроме начального элемента ввода И.А.
Код отношения Составитель
702 #1 - ИМЯ ЛИЦА - ВТОРИЧНАЯ ОТВЕТСТВЕННОСТЬ
Начальный элемент ввода Розов
Часть имени, кроме начального элемента ввода Л.П.
Код отношения Составитель
801 #0 - ИСТОЧНИК ЗАПИСИ
Страна Российская Федерация
Организация NLR
Правила каталогизации psbo
801 #1 - ИСТОЧНИК ЗАПИСИ
Страна Российская Федерация
Организация ELAR
Источник данных rusmarc
852 ## - МЕСТОНАХОЖДЕНИЕ И ШИФР ХРАНЕНИЯ
Идентификатор организации NLR
Наименование фонда или коллекции (Sub-Location Identifier) С
Шифр хранения (Call Number) 14 Г-3/3
942 ## - ДОПОЛНИТЕЛЬНЫЕ ЭЛЕМЕНТЫ ЗАПИСИ (АБИС)
Тип экземпляра АБИС Неопределено
980 ## - КОЛЛЕКЦИЯ
Название коллекции Национальная библиография

Нет доступных экземпляров.